[Event "Moscow Aeroflot op"]
[Site "Moscow"]
[Date "2002.02.09"]
[Round "7"]
[White "Eljanov, Pavel"]
[Black "Lastin, Alexander"]
[Result "1-0"]
[WhiteElo "2540"]
[BlackElo "2630"]
[Annotator "Tsesarsky,I"]
[PlyCount "68"]
[EventDate "2002.02.04"]
[EventType "swiss"]
[EventRounds "9"]
[EventCountry "RUS"]
[SourceTitle "CBM 088"]
[Source "ChessBase"]
[SourceDate "2002.03.21"]
[SourceVersion "1"]
[SourceVersionDate "2002.03.21"]
[SourceQuality "1"]

{[%mdl 32]} 1. d4 d5 2. c4 c6 3. Nf3 e6 4. Qc2 dxc4 5. Qxc4 Nf6 6. Bg5 b5 7.
Qc2 Bb7 {[%csl Rb5][%cal Gc6c5,Ga2a4] Plans of both sides are clear: Black
aspires to promote Pc6 to c5, White, in other hand, wishes to prevent it by
putting pressure on Pb5 - maybe by a2-a4.} 8. Nbd2 (8. Bxf6 gxf6 9. e3 (9. Nbd2
Nd7 10. e3 Rc8 11. Be2 Qb6 12. a4 a6 13. O-O c5 $11 {1/2-1/2 Cebalo,M-Zaja,I/
Kastav CRO 2000/The Week in Chess 320 (29)}) 9... Nd7 10. Be2 a6 11. a4 b4 12.
Nbd2 c5 13. O-O Rc8 {-see commented game 0-1 Ivanov,S-Kharlov,A/Maikop 1998/
CBM 66 [Tsesarsky,I](35)}) ({On} 8. e4 {goes} Nbd7 ({or} 8... a6 9. Nc3 Nbd7
10. e5 h6 11. Bd2 b4 12. exf6 bxc3 13. bxc3 Nxf6 14. Rb1 Rb8 15. Ne5 Bd6 16.
Be2 $11 {1/2-1/2 Ionov,S-Solovjov,S/St Petersburg 1998/CBM 67 ext (16)}) 9. Bd3
a6 10. a4 h6 11. Bh4 Qb6 12. Nbd2 c5 $11 {1/2-1/2 Lastin,A-Grischuk,A/Elista
2000/CBM 79 no vc (19)}) ({Worth of attention} 8. e3 $5 {in this variation
Black has certain difficulties, for example:} Nbd7 9. Bd3 a6 (9... h6 10. Bh4
a6 11. a4 Bb4+ 12. Nbd2 c5 13. Bxf6 Nxf6 14. axb5 Bxf3 15. gxf3 O-O 16. dxc5
axb5 17. Rxa8 Qxa8 18. Ke2 Rc8 19. Nb3 Nd7 20. Be4 Qb8 21. c6 Nf6 (21... Ne5
22. Nd4 Qb6 23. f4 Ng4 24. Qd3 Bc5 25. Bf3 Nf6 26. Rc1 $16 {1-0 Gurevich,
M-Grischuk,A/Cannes FRA 2001/The Week in Chess 333 (44)}) 22. f4 $14 (22. Rc1
Qxh2 $132)) 10. a4 $5 (10. Nbd2 $143 c5 11. Bxf6 gxf6 12. Be4 Bxe4 13. Nxe4
cxd4 14. Nxd4 Rc8 15. Qd2 Nc5 16. Nxc5 Bxc5 17. Nb3 Qxd2+ 18. Kxd2 Bb4+ 19. Kd3
Ke7 20. Rhc1 $11 {1/2-1/2 Rausis,I-Marcelin,C/Noyon FRA 2001/The Week in Chess
336 (123)}) 10... Bb4+ 11. Nc3 c5 {-see detailed commented game 0-1 Gelfand,
B-Krasenkow,M/Lvov 2000/CBM 77 [Tsesarsky,I](37)}) 8... Nbd7 {Here White has
an important choice:} (8... h6 $143 $6 9. Bxf6 gxf6 10. e4 Qb6 11. a4 a6 12.
Bd3 Nd7 13. O-O $14 {1-0 Doettling,F-Lebedinsky,E/Tel Aviv ISR 2001/The Week
in Chess 336 (81)}) {between} 9. e4 $1 {(Looks more active than e2-e3)} ({and} 
9. e3 a6 $5 {[%cal Gc6c5] Black follows his plan.} ({as well as} 9... Rc8 $144
$5 10. a4 $5 (10. Be2 a6 11. O-O c5 $11 {0-1 Tunik,G-Lastin,A/Bor 2000/EXT
2001 (47)}) (10. Qb3 a6 11. a4 {[%csl Rb5][%cal Ga4b5,Gb4b5,Gc6c5]} b4 12. Ne5
(12. Bc4 c5 13. Qd3 Qb6 14. a5 Qc6 $132) (12. e4) 12... c5 13. Ndc4 Qc7 14. Bf4
Qd8 15. Nxd7 Nxd7 16. Rd1 Bd5 17. Qd3 $132) 10... a6 {[%cal Gc6c5]} 11. axb5
cxb5 12. Qb3 {-like in the game Poluljahov,A-Yashtylov - see below}) 10. a4 Rc8
(10... Qb6 11. Be2 Bb4 12. O-O O-O 13. Nb3 {-see detailed commented game 1/2-1/
2 Fominyh,A-Kharlov,A/Samara 2000/CBM 78 [Tsesarsky,I](41)}) 11. axb5 cxb5 12.
Qb3 Qc7 13. Bd3 Bd6 14. O-O O-O 15. h3 h6 16. Bxf6 Nxf6 17. e4 {1/2-1/2
Poluljahov,A-Yashtylov,A/Samara 2000/CBM 78 (17)}) 9... h6 $6 $16 {Inaccuracy.}
(9... Qb6 $142 10. a4 Bb4 (10... a6 11. Be2 c5 12. axb5 axb5 13. Rxa8+ Bxa8 14.
O-O Bb7 $14 {-see commented game 1-0 Krasenkow,M-Markowski,T/Plock 2000/CBM 78
[Huzman,A] (55)}) 11. Bd3 $14 (11. Be2 h6 12. Bxf6 Nxf6 13. O-O Bxd2 14. Nxd2
Qxd4 15. Nb3 Qxe4 16. Qxe4 {1/2-1/2 Marin,M-Fressinet,L/Bucharest ROM 2001/The
Week in Chess 331 (16)})) (9... a6 $142 10. a4 h6 11. Bxf6 Qxf6 12. e5 Qd8 13.
Bd3 Be7 14. O-O O-O 15. Be4 $5 (15. Ne4 c5 16. axb5 axb5 17. dxc5 Rxa1 18. Rxa1
Bxe4 19. Bxe4 Nxc5 20. g3 (20. Bh7+ Kh8 21. b4 Na4 22. Bd3 Qc8 $11) 20... Qb6 {
1/2-1/2 Karpov,A-Grischuk,A/Linares ESP 2001/The Week in Chess 329 (20)}) 15...
Qb6 16. a5 Qc7 17. Rfc1 Rac8 18. Qc3 $14) 10. Bxf6 {Now both of two recaptures
are bad: in case of Pg7xf6 recapture black K became weak.} Nxf6 {[%csl Rc5]
[%cal Gf6d7,Gd7c5] Black N jumped too far from key-square c5.} (10... gxf6 11.
Bd3 $16) 11. Bd3 Qb6 12. Rc1 Nd7 13. Nb3 {Both sides manoeuvres are surround
noted above c5 square.} Bb4+ 14. Ke2 $1 {Key square c5 is more important than
rocade!} O-O ({Or} 14... Rc8 15. a3 Bd6 16. Nc5 $16 {[%csl Rb7,Rc8]}) 15. a3
Be7 16. Rhd1 Rfd8 17. e5 Rac8 18. Nc5 {Strategical fight for c5 square is lost.
Black has bad position.} b4 ({Or} 18... Bxc5 19. dxc5 Qc7 20. Qc3 $16) 19. Qc4
$1 (19. axb4 $6 Qxb4 20. Qc3 Qxc3 (20... Qb6 21. b4 $16) 21. Rxc3 Nxc5 22. dxc5
a5 $14) 19... bxa3 20. b4 $1 {White avoided QQ exchange.} Nb8 (20... Nxc5 21.
bxc5 $16) 21. Rc3 Bxc5 (21... a2 22. Qxa2 Qxb4 23. Rb3 Bxc5 24. dxc5 $18) 22.
bxc5 Qb2+ 23. Rd2 Ba6 24. Rxb2 Bxc4 25. Rxa3 Bxd3+ 26. Kxd3 Rc7 {Black's
position is strategically lost.} 27. Kc4 f6 (27... Kf8 28. Rba2 Rdd7 29. Nd2
Rb7 30. Ne4 a6 31. Nd6 Rb1 32. Ra1 Rb2 33. Rf3 $18) 28. Rba2 a6 $2 $18 {
[%csl Rb6] Decisive weakening.} ({More stubborn was} 28... Rdd7 29. exf6 gxf6
30. Nd2 e5 31. Nf3 $16 {[%csl Rb8,Re5][%cal Gd4e5,Gf3h4]}) 29. Rb2 Kf7 30. Rb6
Ke7 31. exf6+ gxf6 32. Rab3 Nd7 33. Rxa6 Rg8 34. g3 Rg4 (34... Rg4 35. Re3 $18
{[%cal Gh2h3]}) 1-0

[Event "Bad Homburg"]
[Site "Bad Homburg"]
[Date "1998.07.26"]
[Round "9"]
[White "Zhu, Chen"]
[Black "Dautov, Rustem"]
[Result "1-0"]
[WhiteElo "2490"]
[BlackElo "2600"]
[Annotator "Tsesarsky,I"]
[PlyCount "107"]
[EventDate "1998.07.17"]
[EventType "tourn"]
[EventRounds "9"]
[EventCountry "GER"]
[EventCategory "13"]
[SourceTitle "CBM 066"]
[Source "ChessBase"]
[SourceDate "1998.09.30"]
[SourceVersion "1"]
[SourceVersionDate "1998.09.30"]
[SourceQuality "1"]

1. Nf3 Nf6 2. c4 e6 3. g3 d5 4. Bg2 Be7 5. O-O O-O 6. b3 c5 7. cxd5 exd5 8. d4
Nc6 9. Bb2 Ne4 10. dxc5 Bxc5 11. e3 $1 $14 (11. Nc3 Nxc3 (11... Be6 12. Rc1 (
12. Qc1 Bb6 13. Na4 Rc8 14. Nxb6 Qxb6 15. Qf4 Rfd8 16. Ng5 Nxg5 17. Qxg5 d4 18.
Be4 h6 19. Qf4 Ne7 20. Rfd1 f5 21. Bg2 Ng6 22. Qd2 d3 23. exd3 Bd5 24. Rac1
Bxg2 25. Kxg2 Qb5 26. Rc4 f4 27. Qc3 f3+ 28. Kg1 Qd7 29. Rc1 Nf4 {0-1 Neuillet,
A-Voigt,R/Glenalmond Glorney Cup 1996}) (12. Qc2 Nb4 13. Qb1 Bf5 14. Qd1 Qb6
15. Nxe4 Bxe4 16. Ne5 Rad8 17. Nd7 Rxd7 18. Bxe4 Re8 19. Bf3 d4 20. a3 Nc6 21.
Rc1 Ne5 22. Be4 Bf8 23. Qc2 Qh6 24. Kg2 Red8 25. Rfd1 g6 26. Qd2 Qh5 27. h3 Bh6
28. f4 Nc6 29. b4 Bf8 30. Qd3 Ne7 31. Qf3 Qb5 32. Rc5 Qb6 33. Rdc1 Bg7 34. Qb3
Qd6 35. Qf3 Qe6 36. Ba1 Nd5 {Byrne,R-Pfleger,H/Tel Aviv ol 1964/0-1 (51)})
12... Qa5 13. Na4 Be7 14. a3 (14. Nd4 Nxd4 15. Bxd4 Ba3 16. Rc2 Rac8 17. f3
Rxc2 18. Qxc2 Rc8 19. Qd3 Nc5 20. Nxc5 Bxc5 21. Bxc5 Qxc5+ 22. e3 g6 23. g4 Bd7
24. Rd1 Bb5 25. Qd2 Re8 26. Kf2 Qe7 27. Bf1 Bxf1 28. Rxf1 Qe5 29. Rh1 Rc8 30.
Kg2 h5 31. gxh5 Qg5+ 32. Kf2 Qxh5 33. h4 Rc6 34. Kg3 g5 35. Qd4 Rg6 36. Kf2 g4
37. f4 g3+ 38. Ke1 Rc6 39. Qd1 g2 40. Rg1 Qxh4+ 41. Ke2 Qh5+ 42. Kd2 Qxd1+ 43.
Kxd1 Rg6 44. Ke2 Kg7 45. Kf2 Kf6 46. Ke2 Kf5 47. Kd3 Rg3 48. Kd4 Kg4 49. Kxd5
Kf3 50. Ke5 Kxe3 51. f5 Kf2 52. Rc1 g1=Q 53. Rxg1 Kxg1 {0-1 Schneider,
F-Namyslo,H/OLWuert 1993}) 14... Rac8 15. b4 Qd8 16. Nd2 f5 17. f3 Nd6 18. Nc5
Bf7 19. Rc2 b6 20. Nd3 Bf6 21. Qa1 Bxb2 22. Qxb2 Nc4 23. Nxc4 dxc4 24. Nf2 Nd4
25. Rd1 c3 26. Qb1 Qf6 27. e4 Bb3 28. Rxd4 Bxc2 29. Qa2+ Kh8 30. Rd5 Ba4 31. e5
Qh6 {0-1 Van Riemsdijk,D-De Souza,M/Brazil Open, Pouso Alegre BRA 1997}) 12.
Bxc3 d4 13. Bb2 Re8 (13... Bf5 14. Rc1 Bb6 (14... Qb6 15. Nh4 Bd7 16. Qc2 Be7
17. Nf5 Bf6 18. Qc5 Qxc5 {1/2-1/2 Marosi,G-Fogarasi,T/HUN tch 1992}) 15. Nh4
Be6 16. Ba3 Re8 17. Rxc6 bxc6 18. Bxc6 Bh3 19. Bxe8 Bxf1 20. Bc6 Rc8 21. Nf5
Bh3 22. Ne7+ Kh8 23. Nxc8 Qxc8 24. Bg2 Bf5 25. Qc1 Qe8 26. Qf4 Bg6 27. Bc6 Qd8
28. Qd6 Bb1 29. Qxd8+ Bxd8 30. Bc5 Bxa2 31. Bxa7 Bxb3 32. Bxd4 Be7 33. f4 Kg8
34. Kf2 Kf8 35. Kf3 Bd1 36. g4 Bb4 37. h4 Ba3 38. h5 Bb4 39. Be4 Kg8 40. Bd5
Kf8 41. Bc4 Ba3 42. g5 Ba4 43. h6 gxh6 44. gxh6 Bd7 45. e4 Kg8 46. f5 Bf8 47.
Be3 Bd6 48. Bf4 Bxf4 49. Kxf4 Kf8 50. f6 Bc8 51. e5 Kg8 52. Bd3 Be6 53. Bf5 Bd5
54. Ke3 Bb3 55. Kd4 Bd1 56. Kc5 Be2 57. Kd6 Bf3 58. Ke7 Bh5 59. Bd7 Bg6 60. Be8
Kh8 61. e6 Bh5 62. Kd8 {1-0 Milic,B-Bergsma,K/Beverwijk 1955}) (13... Bg4 14.
Qd3 Qd7 15. Ng5 Bf5 16. Be4 Bg6 17. Rad1 Qe7 18. Bxg6 hxg6 19. Nf3 Rad8 20. Rd2
Rfe8 21. Rfd1 Bb4 22. Rc2 Bc3 23. Bc1 Qe6 24. Ba3 Qg4 25. Qb5 Qe4 26. Rd3 Ne5
27. Nxe5 Rxe5 28. Qc4 Rde8 29. b4 Qf5 30. Kg2 Rxe2 31. Rxe2 Rxe2 32. Rf3 Qe6
33. Qc7 f6 34. Qxb7 Rxa2 35. Bc1 Ra1 36. Bf4 g5 37. Bb8 a6 38. Ba7 Re1 39. Bc5
Qe2 40. Qc8+ Kh7 41. Qh3+ Kg8 42. Qc8+ {1/2-1/2 Schneider,B-Dankert,P/BL2-N
1989}) (13... Be6 14. Qd2 Qd7 15. Rfd1 Rad8 16. Rac1 Bb6 17. Ba3 Rfe8 18. Bc5
Bd5 19. Bxb6 axb6 20. Qb2 Be4 21. Ne1 Qe7 22. Rd2 Bxg2 23. Nxg2 Rd6 24. Nh4 Qe4
25. Qc2 Qxc2 26. Rcxc2 Red8 27. Kg2 d3 28. Rxd3 Rxd3 29. exd3 Rxd3 30. Nf5 Kf8
{1/2-1/2 Doda,Z-Pachman,L/Tel Aviv ol 1964}) 14. Rc1 Bb6 15. Qd2 Bg4 16. h3 Bh5
17. Rfd1 Rc8 18. g4 Bg6 19. Nxd4 Nxd4 20. Bxd4 Bxd4 21. Rxc8 Bxf2+ 22. Kxf2
Qxc8 23. Bf3 h6 24. Qd7 Qc5+ 25. Qd4 Qc7 26. Qd6 Qc3 27. Qf4 Qc5+ 28. Qd4 Qa5
29. Qd5 Qxa2 30. Qxb7 Qc2 31. Qb5 Re6 32. Rd8+ Kh7 33. Qc4 Rb6 34. Rd7 a5 35.
Rd5 Qb2 {Tal,M-Kortchnoi/Titograd 1984/0-1 (62)}) 11... Bg4 $6 $16 (11... Bf5
$142 12. Nc3 Nxc3 13. Bxc3 Be4 14. Qd2 Qe7 15. Rac1 (15. Rad1 Rac8 16. Qb2 f6
17. Rd2 (17. Nd2 Bxg2 18. Kxg2 Rfd8 19. Rfe1 Ba3 20. Qb1 Nb4 $132 {1/2-1/2
Doda,Z-Padevsky,N/Tel Aviv ol 1964 (39)}) 17... b5 18. Qa1 b4 19. Bb2 Rfe8 20.
Rfd1 Qe6 21. h3 Bb6 22. Nd4 Nxd4 23. Bxd4 Bxg2 24. Kxg2 Qe4+ 25. Kh2 $14) 15...
Ba3 16. Rcd1 Rfd8 17. Nh4 Ne5 18. f3 Bd3 19. Rfe1 Bb5 20. Bxe5 Qxe5 21. Qa5 $18
{1/2-1/2 Abravanel,C-Petit,E/Cannes op 1990 (49)}) 12. Nc3 (12. h3 Be6 (12...
Bh5 13. g4 Bg6 14. Nc3 Nxc3 15. Bxc3 Be4 16. Nd4 Bxg2 17. Kxg2 Nxd4 18. Bxd4
Rc8 19. Rc1 Qb6 20. Rxc5 Rxc5 21. Qd2 Qc6 22. Bxc5 Qxc5 23. Rc1 $16 {Scherer,
M-Beckmann,K/Neckar Open, Deizisau GER 1998/1-0 (84)}) 13. Nc3 Re8 14. Ne2 Qd6
15. Nfd4 Rad8 16. Rc1 Bb6 17. Nxe6 Qxe6 18. Nd4 (18. Nf4 Qf5 (18... Nxf2 19.
Rxf2 Qxe3 20. Nd3 $132) 19. g4 Qg5 $132) 18... Qg6 (18... Nxf2 19. Nxe6 (19.
Rxf2 Qxe3 20. Rxc6 bxc6 21. Qg4 f5 $1 $19) 19... Nxd1 20. Nxd8 Nxb2 21. Nxc6
Bxe3+ 22. Kh1 $1 (22. Kh2 Bxc1 23. Bxd5 (23. Rxc1 bxc6 24. Rxc6 d4 25. Rd6 d3
26. Be4 g6 27. Bxd3 Nxd3 28. Rxd3 Re2+ 29. Kg1 Rxa2 $17) 23... Re2+ 24. Kh1 Nd3
(24... bxc6 25. Bxf7+ Kh8 26. Bh5 $18) 25. Bxf7+ Kh8 26. Bc4 Nf2+ 27. Kg2 Nd3+
28. Kf3 Re3+ 29. Kg2 Re2+ $11) 22... Bxc1 23. Bxd5 Bf4 24. Rxf4 Re1+ 25. Kg2
bxc6 26. Bxf7+ $16) 19. Kh2 $14 {1/2-1/2 Barlov,D-Spacek,P/St.Ingbert op 1989 
(45)}) 12... Nxc3 (12... Nf6 13. Rc1 Bb6 14. Na4 $16 {1-0 Valido,C-Delgado,M/
Villa Clara op 1995 (45)}) 13. Bxc3 Qd7 14. Qd2 (14. Qd3 Bf5 15. Qd2 Ba3 (15...
Be4 16. Bxg7 $16) 16. Nd4 $16) 14... Bb6 (14... Qf5 15. Nh4 Qd7 16. Bxg7 Kxg7
17. Qc3+ Bd4 18. exd4 $16 {1-0 Wians,C-Flear,C/Mondorf op 1991 (28)}) 15. Ne5
$1 Nxe5 16. Bxe5 Rfe8 (16... Qf5 17. Qxd5 (17. Bd4 $16) 17... Rad8 18. Qc4 Rfe8
19. Bb2 $16) 17. Bd4 Bc7 (17... Bxd4 18. Qxd4 $16) 18. Rac1 f6 $2 (18... Re7
19. Qb2 f6 $16) 19. Bxf6 $18 Be6 (19... gxf6 20. Qxd5+ Qxd5 21. Bxd5+ Be6 22.
Bxe6+ Rxe6 23. Rxc7 $18) 20. Bb2 Rad8 21. Qb4 Bb8 22. Rfd1 Qf7 23. Qd4 Rd7 24.
Rd2 Qg6 25. Qh4 (25. a3 $18) 25... Qf7 26. Rcd1 h6 27. Bh3 Bxh3 28. Qxh3 Be5
29. Bxe5 Rxe5 30. Qg4 a6 31. Qd4 Qe6 32. Rc1 Re4 33. Qd3 Qe8 34. Rc5 d4 35.
Qc4+ $6 (35. Rc4 b5 36. Rxd4 Rdxd4 37. exd4 Re1+ 38. Kg2 Qc6+ 39. d5 $18) 35...
Kh7 36. exd4 Re1+ 37. Kg2 Qe4+ 38. Kh3 Qf3 $6 (38... b6 39. Re5 Qxe5 40. dxe5
Rxd2 41. f4 b5 42. Qc3 Ree2 43. a4 Rxh2+ (43... h5 44. Kh4 Rxh2+ 45. Kg5 h4 46.
g4 bxa4 47. bxa4 h3 48. e6 $18) (43... bxa4 44. bxa4 Rxh2+ 45. Kg4 Rhe2 46. a5
Rd5 47. Qb3 Red2 48. Qb1+ Kh8 49. e6 h5+ 50. Kh3 Re2 51. Qb3 $18) 44. Kg4 Rhe2)
39. Qc2+ g6 40. Rc7 Ree7 41. Rxd7 Rxd7 42. Qd3 Qd5 43. f3 Re7 44. Kg2 b5 45.
Qc3 h5 46. Qc5 Qe6 47. d5 Qe5 48. Qd4 Qd6 49. Rc2 Re5 50. Rc8 g5 51. Qd3+ Kg7
52. Rc6 Qxd5 53. Qg6+ Kf8 54. Qf6+ 1-0

[Event "RUS-Cup07"]
[Site "Tomsk"]
[Date "1998.07.23"]
[Round "9"]
[White "Fominyh, Alexander"]
[Black "Garagulya, Konstantin"]
[Result "1/2-1/2"]
[WhiteElo "2530"]
[BlackElo "2330"]
[Annotator "Tsesarsky,I"]
[PlyCount "92"]
[EventDate "1998.07.15"]
[EventType "swiss"]
[EventRounds "9"]
[EventCountry "RUS"]
[SourceTitle "CBM 067"]
[Source "ChessBase"]
[SourceDate "1998.11.30"]
[SourceVersion "2"]
[SourceVersionDate "1998.11.01"]
[SourceQuality "1"]

{[%mdl 25600]} 1. d4 d5 2. Nf3 Nf6 3. c4 c6 4. Qc2 e6 5. Bg5 $6 Qa5+ (5... dxc4
$5 $132 6. Qxc4 (6. e4 $6 b5 7. Nc3 (7. e5 h6 8. Bh4 Qa5+ 9. Nc3 Nd5 $15) 7...
h6 $15) 6... b5 (6... Qb6 $5 $132) 7. Qc2 Bb7 8. e3 (8. Nc3 Nbd7 9. e3 a6 10.
Be2 c5 $132 {1/2-1/2 Brunner,L-Stangl,M/BL 1995 (23)}) 8... Nbd7 9. Nbd2 (9.
Nc3 a6 10. a4 c5 $132) 9... Qb6 10. Be2 (10. a4 bxa4 11. Rxa4 c5 12. Nc4 Qc7
13. Bxf6 Nxf6 14. Nce5 Bd6 15. Bb5+ Ke7 $1 $15) 10... c5 11. O-O Rc8 $132 {
1-0 Ibragimov,I-Lugo,B/New York 1998/CBM 64/[Tsesarsky] (20)}) (5... Be7 $6 6.
e3 (6. Nbd2 Nbd7 7. g3 O-O 8. Bg2 h6 9. Bxf6 Bxf6 10. O-O e5 11. cxd5 cxd5 12.
dxe5 Nxe5 13. Rfd1 $14 {1-0 Teske,H-Klinger,J/Oest.Liga Linz-Fischer Wien 1996
(44)}) 6... Nbd7 (6... h6 7. Bf4 O-O 8. Nc3 b6 9. O-O-O Ba6 10. Ne5 dxc4 11. g4
Nd5 12. Nxc4 Nxf4 13. exf4 Bxc4 14. Bxc4 Nd7 15. Kb1 Qc7 16. f5 $14 {1-0 Pein,
M-Ballon,G/Isle of Man op 1994 (32)}) 7. Nbd2 O-O 8. Bd3 dxc4 (8... h6 9. Bh4
Nh5 (9... b6 10. O-O Bb7 11. e4 $14) 10. Bxe7 Qxe7 11. O-O Nhf6 12. a3 (12.
Rfe1 b6 13. e4 Bb7 14. cxd5 cxd5 15. e5 Nh5 16. Qc7 Rab8 17. Bb5 Rfd8 18. g3 g6
19. Rac1 $16 {1-0 Sinkovics,P-Sehner,N/Copenhagen op 1986 (40)}) 12... e5 (
12... dxc4 $5 13. Nxc4 (13. Bxc4 e5 14. Rfe1 exd4 (14... e4 15. Nh4 Re8 (15...
Nb6 16. Ng6 $18) 16. Nf5 Qf8 17. Ng3 Qe7 18. Ba2 $14) 15. Nxd4 Ne5 16. Bb3 Rd8
$14) 13... c5 14. Rac1 b6 $11) 13. cxd5 Nxd5 14. Rfe1 N5f6 15. Bc4 Kh8 16. e4
Nh5 17. g3 exd4 18. e5 $1 $16 (18. Nxd4 Ne5 19. Be2 Rd8 $1 $132 20. Nxc6 $2
Nxc6 21. Bxh5 Qg5 $19) 18... c5 19. e6 $1 $36 {1-0 Vaulin,A-Annenkov,K/Russian
Cup 9th Leg, Novgorod RUS 1997 (30)}) 9. Nxc4 h6 10. Bh4 Nd5 11. Bxe7 Qxe7 12.
a3 c5 13. O-O b6 $11 {Vaulin,A-Alavkin,A/Russian Cup 8th Leg, Smolensk RUS
1997/1-0 (45)}) (5... h6 6. Bh4 dxc4 (6... Nbd7 7. e3 Qa5+ 8. Nc3 Ne4 9. Bd3
Nxc3 10. bxc3 dxc4 11. Bxc4 Nb6 12. Bb3 c5 $132 {0-1 Johansson,J-Chabanon,J/
Val Thorens 1991 (Tsesarsky)}) (6... Bb4+ 7. Nfd2 O-O 8. e3 Nbd7 9. Nc3 Re8 10.
cxd5 exd5 11. Bd3 $11 {1/2-1/2 Schindler Werner-Boehm Uwe/Bayern Oberliga 1995
(64)}) 7. Qxc4 b5 (7... Qa5+ 8. Nbd2 Ne4 9. a3 Nxd2 10. Nxd2 Nd7 $132 (10...
Bd6 11. b4 Qh5 12. Ne4 Bc7 13. Bg3 $14 {1-0 Loeffler,S-Thesing,M/BL 1996 (40)})
) 8. Qc2 Bb7 9. e3 (9. Bxf6 $1 {Speelman,J} gxf6 $5 $132) 9... Nbd7 10. Nbd2 (
10. Be2 Rc8 11. O-O Be7 12. Nbd2 c5 $11 {1/2-1/2 Simic,R-Kosic,D/JUG-chT2 1993
(30)}) 10... Rc8 11. Be2 (11. Bxf6 gxf6 12. e4 a6 $15 {[%cal Gc6c5]}) 11... a6
(11... c5 $2 12. Bxf6 gxf6 13. d5 $1 $14 {1-0 Ibragimov,I-Filippov,V/RUS-ch
Elista 1996/[Tsesarsky] (74)}) 12. a4 (12. Qb3 c5 13. O-O $11) 12... c5 $132)
6. Bd2 (6. Nbd2 Ne4 7. Bf4 c5 8. Bxb8 Rxb8 9. e3 cxd4 10. exd4 Bd7 $11 {
1/2-1/2 Matlak,M-Pinkas,K/Czestochowa ch-PL 1993 (93)}) 6... Qd8 7. g3 (7. e3
Ne4 (7... Nbd7 8. Nc3 c5 9. cxd5 exd5 10. Be2 Be7 11. O-O O-O 12. Rfd1 b6 13.
dxc5 bxc5 14. e4 $14 {1/2-1/2 Kholmov,R-Nei,I/URS-ch34 Tbilisi 1966/URS-ch (28)
}) 8. Bd3 f5 9. g4 (9. O-O Bd6 10. a3 Nd7 (10... Nxd2 11. Nbxd2 Nd7 12. b4 O-O
13. Rfd1 Nf6 14. c5 Bc7 15. a4 Ne4 16. b5 Bd7 17. Rab1 $14) 11. Bb4 $14) 9...
Bd6 10. gxf5 exf5 11. cxd5 (11. Nc3 $5 Na6 12. a3 $14 (12. Qb3 Nb4 13. Be2 dxc4
14. Bxc4 Nxd2 15. Kxd2 Qe7 $132 {1/2-1/2 Hort,V-Schlosser,P/Baden Baden-B 1992/
CBM 33 (60)} 16. a3 Na6 $132)) (11. Rg1 $14) 11... cxd5 12. Nc3 $14) 7... Nbd7
8. Bg2 Bd6 9. O-O O-O (9... Ne4 $5) 10. Bg5 $5 $14 (10. b3 Ne4 11. Be3 e5 (
11... f5 12. Nc3 Qf6 13. Rfc1 $14) 12. cxd5 cxd5 13. Nbd2 $14) 10... h6 11.
Bxf6 (11. c5 hxg5 12. cxd6 Ne4 $15) 11... Qxf6 12. Nbd2 dxc4 (12... e5 13. dxe5
Nxe5 14. cxd5 cxd5 15. Qb3 $14) 13. Nxc4 e5 (13... Bc7 14. e4 e5 15. dxe5 Nxe5
16. Nfxe5 Bxe5 17. Nxe5 Qxe5 18. f4 $14) 14. Nxd6 Qxd6 15. Rfd1 exd4 16. Nxd4 (
16. Rxd4 Qf6 17. Rad1 Nb6 18. a4 (18. b4 Be6 19. a4 Rad8 20. a5 Nc4 21. e3 Bd5
22. e4 (22. Rxc4 $4 Bxc4 23. Rxd8 Rxd8 24. Qxc4 Rd1+ 25. Bf1 Qxf3 $19) 22...
Be6 23. Qc3 Rfe8 24. Rc1 Rxd4 25. Qxd4 Qxd4 26. Nxd4 Ne5 27. a6 $14) 18... a5
19. e3 Re8 20. Rf4 Qe7 21. Qb3 Nd5 22. Rfd4 Be6 23. Qc2 Nb4 24. Qd2 $11) 16...
Qe5 17. a4 (17. Rd2 Nf6 18. Rad1 Bg4 19. h3 Bh5 20. Qb3 $14) 17... Nf6 (17...
Re8 18. Rd2 $14) 18. b4 (18. Ra3 Bg4 (18... Nd5 19. Qc5 (19. Bxd5 Qxd5 $11)
19... Bg4 20. Rad3 Rfe8 21. R1d2 (21. f3 Bh5 22. e4 Nb6 23. Qc2 Bg6 (23... a5
24. Nf5 $14) 24. Bh3 $14) 21... Nb6 (21... Qh5 22. f3 Ne3 23. Qc3 Nxg2 24. fxg4
Qh3 25. Nf3 c5 26. e4 $16) 22. Qc2 $14)) 18... Be6 19. Ra3 Rfd8 (19... Bd5 20.
Re3 Qd6 21. Nf5 (21. b5 Bxg2 22. Kxg2 $14) 21... Qxb4 22. Rb1 Qa5 23. Ne7+ (23.
Rxb7 Qe1+ 24. Bf1 Ng4 $19) 23... Kh8 24. Nxd5 Nxd5 25. Bxd5 cxd5 26. Rxb7 Qe1+
27. Kg2 $14) 20. Rad3 Bd5 21. f3 Qe7 22. Nf5 $1 (22. e4 Be6 23. e5 Nd5 24. Qc5
$14) 22... Qxb4 $4 $18 (22... Qc7 23. e4 (23. Qc3 Be6 24. Nxh6+ (24. Nd4 Qe7
25. e4 $14) 24... Kh7 25. Ng4 Nxg4 26. fxg4 Bxg4 $132) 23... Be6 24. Nd4 $14)
23. e4 Qb6+ $8 24. Qf2 Bxe4 (24... Qxf2+ 25. Kxf2 $18) 25. fxe4 $4 $16 (25.
Qxb6 $1 Rxd3 (25... Bxd3 26. Ne7+ Kf8 27. Qxb7 $18) (25... axb6 26. Rxd8+ $18)
26. Ne7+ Kf8 27. Qb1 $1 Rxd1+ 28. Qxd1 $18) 25... Rxd3 (25... Qxf2+ 26. Kxf2
Rxd3 27. Rxd3 $18) 26. Rxd3 Qb1+ 27. Qf1 (27. Bf1 Nxe4 28. Qd4 Qb6 29. a5 Qxd4+
30. Rxd4 $16) 27... Qb6+ 28. Kh1 (28. Qf2 Qb1+ 29. Bf1 $16) 28... Ng4 29. Rd2 (
29. Rf3 $16) 29... Qb4 $4 (29... Ne5 30. Qa1 Qc7 31. Nd6 f6 32. Qc3 $16) 30.
Qe2 $4 (30. Rd7 Ne5 (30... Qxa4 31. Nxg7 Ne5 32. Re7 $18) 31. Re7 $18) 30...
Ne5 (30... g6 $1 31. Ne7+ Kg7 (31... Qxe7 32. Qxg4 $18) 32. Rb2 Qc5 33. Bh3
Qc1+ 34. Kg2 Ne3+ 35. Kf3 (35. Kf2 Nd1+ $19) 35... Nc4 (35... Rd8 $132) 36. Rc2
(36. Rxb7 Rd8 $17) 36... Qa3+ 37. Kf2 Qc5+ 38. Ke1 Qb4+ 39. Kf2 $11) 31. Rd1 (
31. Rb2 Qxa4 32. Rxb7 Rd8 33. h3 Qd1+ 34. Qxd1 Rxd1+ 35. Kh2 a5 36. Ra7 Ra1 37.
Re7 $14) (31. Rd4 $16) 31... Qc5 $2 $16 (31... Qxa4 $132) 32. h3 (32. Qb2 Re8
33. Qxb7 Ng4 34. Rf1 Nf2+ 35. Rxf2 Qxf2 36. Qb1 $14) 32... Re8 33. Qb2 b6 34.
Rc1 Qa5 $2 $18 (34... Qf8 $16) 35. Nd6 $2 $16 (35. Rxc6 $1 $18) 35... Rd8 36.
Nf5 f6 (36... Rd2 37. Qa1 Kh7 $16) 37. Qb3+ $2 $14 (37. Ne7+ Kh7 38. Qc2 Rd2 (
38... c5 39. Nd5 $16) 39. Qb3 $16) 37... Kh7 38. Rd1 Rd2 (38... Rxd1+ 39. Qxd1
Qc3 $14) 39. Rf1 $2 $11 (39. Rxd2 Qxd2 40. Ne7 Qd8 41. Qe6 c5 42. Qf5+ Kh8 43.
Nd5 $16 (43. Qc8 Qxc8 44. Nxc8 c4 $19)) 39... Qc5 40. Qe6 (40. Rd1 Qc2 41. Qxc2
Rxc2 $44) 40... Qc4 41. Qe7 (41. Qxc4 Nxc4 42. Rc1 Ne5 $11) 41... Rd7 42. Qe8
Qxa4 43. Ne7 Qc4 44. Ng6 Qg8 45. Nf8+ (45. Qxg8+ Kxg8 46. Nxe5 fxe5 $15) 45...
Kh8 46. Ng6+ Kh7 1/2-1/2